Bosí rytíři /
Uložené v:
| Hlavný autor: | |
|---|---|
| Ďalší autori: | |
| Médium: | Kniha |
| Jazyk: | Czech |
| Vydané: |
Praha :
Albatros,
1970.
|
| Vydanie: | 3. přeprac. vyd. |
| Edícia: | Střelka
sv. 82 |
| ISBN: |
(viaz.) |
| Fyzický popis: |
156, [2] s. |
| Tagy: |
Pridať tag
Žiadne tagy, Buďte prvý kto otaguje tento záznam!
|
Titul je dostupný aj v ... 

MARC
| LEADER | 00000nam a22000004a 4500 | ||
|---|---|---|---|
| 001 | 000411121 | ||
| 005 | 20121123222732.0 | ||
| 008 | 121123s1970 xr e 000 0 cze d | ||
| 020 | |a (viaz.) |c Kčs 18,00 | ||
| 040 | |a SVKKK |b slo |c SVKKK |e AACR2 | ||
| 041 | 0 | |a cze | |
| 044 | |a xr |c CZ | ||
| 100 | 1 | |a Šafránek, Ota, |d 1911-1980 |4 aut | |
| 245 | 1 | 0 | |a Bosí rytíři / |c Ota Šafránek ; il. Miloš Noll. |
| 250 | |a 3. přeprac. vyd. | ||
| 260 | |a Praha : |b Albatros, |c 1970. | ||
| 300 | |a 156, [2] s. | ||
| 366 | |e 1000 výtl. | ||
| 490 | 1 | |a Střelka |v sv. 82 | |
| 500 | |a Obálku s použitím kresby ilustrátora navrhol Zdeněk Mlčoch | ||
| 521 | 1 | |a Pre čitateľov od 9 rokov | |
| 700 | 1 | |a Noll, Miloš, |d 1926-1998. |4 ill | |
| 830 | 0 | |a Střelka |v sv. 82 | |
| 910 | |a svkkk | ||
| 998 | |a BK | ||
| 090 | |g SCKHL |k Sklad Hlavná 10 suterén |a I.38156 |j 463244 |i 2720629257 |s Absenčne | ||